QUO VADIS, pojezije?

Bibliographic Details
Main Author: Červeňák, Andrej, 1932-2012 (Author)
Format: Article
Language:Ukrainian

MARC

LEADER 00000nab a2200000ua 4500
001 vtls010809913
003 SK-MaSNL
005 20260303185103.0
008 230218s1970 xo |||||||||||||||||ukr|
035 |a (urnnbn)urn:nbn:sk:snk:ar-0042w9 
035 |a (uuid)bfd49d20-6b0e-4cad-baf1-afbcd2b30f81 
035 |a urn:nbn:sk:snk-ab42an 
040 |a SNKBUCL  |b slo  |c SNKBUCL  |e AACR2 
041 0 |a ukr 
044 |a xo  |c SK 
100 1 |a Červeňák, Andrej,  |d 1932-2012  |4 aut  |9 153402 
245 1 0 |a QUO VADIS, pojezije?  |c Andrij Červenjak 
773 0 |t Duklja : literaturno-chudožnij ta hromads'ko-polityčnyj al'manach  |g Roč. 18, č. 1 (1970), s. 45-47 
958 |a OND 
958 |a EUIPO 
958 |a article3 
999 |c 2129696  |d 2131626